| 000 | 01520cam a2200361 i 4500 | ||
|---|---|---|---|
| 001 | 25824 | ||
| 003 | Mx-PuUPA | ||
| 005 | 20250221104759.0 | ||
| 008 | 140415s2023 sp gr 000 0 spa d | ||
| 017 | _aNA 2598-2023 | ||
| 020 |
_a9788411621472 _qrústica |
||
| 040 |
_cMx-PuUPA _aMx-PuUPA _bspa _dMx-PuUPA _erda |
||
| 041 | 0 | _aspa | |
| 245 | 0 | 0 |
_aMujeres innovadoras en la historia reciente de Iberoamérica / _cMa. Cruz Díaz de Terán Velasco, directora ; Rosa Carrasco Ligarda, María José Luna Lara, María Alejandra Cottoni [y otros nueve] |
| 250 | _aPrimera edición | ||
| 264 | 1 |
_aNavarra, España : _bEditorial Aranzadi, _c©2023 |
|
| 300 |
_a166 páginas : _btablas ; _c24 cm |
||
| 336 |
_2rdacontent _atexto _btxt |
||
| 337 |
_2rdamedia _asin medio _bn |
||
| 338 |
_2rdacarrier _avolumen _bnc |
||
| 490 | 0 |
_aEstudios ; _v8 |
|
| 650 | 7 |
_2armarc _aMujeres _zAmérica Latina _xCondiciones sociales _xHistoria _ySiglo XXI |
|
| 650 | 7 |
_2armarc _aMujeres _zAmérica Latina _xVida intelectual |
|
| 650 | 7 |
_2armarc _aCambio social _zAmérica Latina _xHistoria _ySiglo XXI |
|
| 700 | 1 |
_aDíaz de Terán Velasco, Ma. Cruz, _q(María Cruz) _916659 _edirectora |
|
| 700 | 1 |
_aCarrasco Ligarda, Rosa, _edirector |
|
| 700 | 1 |
_aLuna Lara, María José, _eautor |
|
| 700 | 1 |
_aCottoni, María Alejandra, _eautor |
|
| 942 |
_2ddc _cLI _h305.4098 _iM53 |
||
| 999 |
_c25824 _d25824 |
||